Oneworld Members - Statistics

General Stats
  • This quiz has been taken 115 times
  • The average score is 11 of 15
Answer Stats
Hint Answer % Correct
Europe British Airways
95%
Oceania Qantas
95%
North America American Airlines
90%
Asia Cathay Pacific
82%
Asia Japan Airlines
82%
Asia Qatar Airways
78%
North America Alaska Airlines
68%
Europe Iberia
68%
Africa Royal Air Maroc
68%
Asia Malaysia Airlines
67%
Oceania Fiji Airways
65%
Europe Finnair
63%
Asia Royal Jordanian
50%
Asia SriLankan Airlines
50%
Asia Oman Air
33%
No matching quizzes found
Score Distribution
Percent of People with Each Score
Percentile by Number Answered
Your Score History
You have not taken this quiz